| 000 | 00732nam a22002177a 4500 | ||
|---|---|---|---|
| 003 | DO-SdBNP | ||
| 005 | 20250205092106.0 | ||
| 007 | ta | ||
| 008 | 210915e2015 dr a|||j |||| 00| j spa d | ||
| 020 | _a9789945885095 | ||
| 040 |
_aDO-SdBNP _bspa _cBNPHU |
||
| 082 | _bR934un | ||
| 100 | 1 |
_aRuiz de Catrain, María Teresa _922649 |
|
| 245 | 1 | 0 |
_aUn canto a la natividad / _cMaría Teresa Ruiz de Catrain, Moisés Féliz, il. |
| 260 |
_a[Santo Domingo] : _bAmigo del Hogar, _c2015 |
||
| 300 |
_a48 p.: _bil.; _c27 cm |
||
| 490 |
_aArte Libro BHD León: _aUna Estrella, Un Camino y el Portal |
||
| 590 | _aInventariado 2021 / MF | ||
| 830 |
_aArte Libro BHD León: _lspa _pUna Estrella, Un Camino y el Portal _979882 |
||
| 942 |
_2ddc _cLBS1 |
||
| 999 |
_c50508 _d50508 |
||